000
00262pam a2200121 a 4500
020
_c
041
_a
eng
100
_a
K.Tracey.
245
_a
19th Century Life
_h
Textual Documents
260
_a
[s.l]:
_b
George Harrap & Co.Ltd
300
_a
271p.
930
_a
16330
999
_c
93230
_d
93230